| 000 | 00524nam a22001937a 4500 | ||
|---|---|---|---|
| 003 | OSt | ||
| 005 | 20160715135503.0 | ||
| 008 | 160715b xxu||||| |||| 00| 0 eng d | ||
| 020 | _a9780340968338 | ||
| 040 | _cDNLM. | ||
| 082 | _aWB18S43c 2009. | ||
| 100 |
_aStephenson,Anne;Mueller,Martin;Grabinar,John; _910223 |
||
| 245 | _a100 Cases in general Practice. | ||
| 260 |
_aUK _bHodder Arnold. _c2009. |
||
| 300 |
_aix,209p; _bcol,ill; _c25cm. |
||
| 504 | _aincludes index. | ||
| 650 |
_aMedicine. _9324 |
||
| 942 |
_2z _cO_SHELF |
||
| 999 |
_c4747 _d4747 |
||